Statistiques concernant Communes de l'arrondissement de Molsheim

Cliquez ici pour prendre le quiz!

Statistiques générales

  • Ce quiz a été pris 8 fois
  • Le résultat moyen est 46 sur 70

Statistiques - réponses

Code INSEECommune/Gmeinde% Correct
67101Dorlisheim
100%
67411Rosheim
100%
67080Dachstein
86%
67144Fouday
86%
67168Gresswiller
86%
67276Lutzelhouse
86%
67313Mutzig
86%
67414Rothau
86%
67420Russ
86%
67448Schirmeck
86%
67473Soultz-les-Bains
86%
67500Urmatt
86%
67543Wisches
86%
67016Avolsheim
71%
67026Bellefosse
71%
67027Belmont
71%
67059Bourg-Bruche
71%
67085Dangolsheim
71%
67098Dinsheim
71%
67128Ernolsheim-Bruche
71%
67165Grandfontaine
71%
67167Grendelbruch
71%
67299Mollkirch
71%
67300Molsheim
71%
67306Muhlbach-sur-Bruche
71%
67325Niederhaslach
71%
67342Oberhaslach
71%
67377Plaine
71%
67384Ranrupt
71%
67410Rosenwiller
71%
67421Saales
71%
67470Solbach
71%
67513Waldersbach
71%
67531Wildersbach
71%
67008Altorf
57%
67018Balbronn
57%
67030Bergbieten
57%
67045Bischoffsheim
57%
67076Colroy-la-Roche
57%
67077Cosswiller
57%
67081Dahlenheim
57%
67122Engenthal
57%
67127Ergersheim
57%
67139Flexbourg
57%
67172Griesheim-près-Molsheim
57%
67188Heiligenberg
57%
67224Irmstett
57%
67240Kirchheim
57%
67066La Broque
57%
67282Marlenheim
57%
67314Natzwiller
57%
67321Neuwiller
57%
67335Nordheim
57%
67354Odratzheim
57%
67408Romanswiller
57%
67424Saint-Blaise-la-Roche
57%
67442Scharrachbergheim
57%
67492Traenheim
57%
67517Wangen
57%
67518Wangenbourg
57%
67520Wasselonne
57%
67525Westhoffen
57%
67020Barembach
43%
67050Blancherupt
43%
67368Ottrott
43%
67428Saint-Nabor
43%
67480Still
43%
67554Wolxheim
43%
67052Bœrsch
29%
67436Saulxures
29%

Distribution des résultats

Percentile par nombre de réponses

% des personnes avec chaque résultat

Votre développement - résultats

Vous n’avez pas pris ce quiz